Romantic lace designs

Bibliographic Details
Format: Book
Published: Tokyo : Ondorisha , 1984
Subjects:

MARC

LEADER 00000cam a2200000 7i4500
001 0000005765
002 000006232
005 20000330.0
020 |a 0870405861 
090 0 0 |a 746.22   |b ROM 
245 0 0 |a Romantic lace designs 
260 |a Tokyo :   |b Ondorisha ,   |c 1984 
300 |a 96 p. :   |b ill. ;   |c 26 cm. 
650 0 0 |a Laces craft 
999 |a 032980   |b BUKU   |c PINJAMAN   |e PERPUSTAKAAN KOMUNITI PETALING JAYA